00732nam a2200193 i 4500001000700000003000900007005001700016008004100033100003200074245011300106260005400219300002200273530003500295700002300330752002300353852003600376852003700412856008900449167123ES-MaACL20250823063123.0990223s1889 cu |||| | spa d1 aVega-Rey, Luis, d1853-189910aNiñadas b: colección de artículos y cuentos / cLuis Vega-Rey ; con un prólogo de Aniceto Valdivia. aHabana : b[s.n.], c1889 (fTip. "El Español") a348 p. ; c19 cm. aDisponible en formato digital.1 aValdivia, Aniceto. aCuba - dLa Habana aES-MaACLjG-13499 z- Enc. hol. aES-MaACLjG-13467 z- Enc. pasta uhttp://bdh-rd.bne.es/viewer.vm?id=0000081340&page=1 zBiblioteca Digital Hispánica